000 00652nam a2200229 a 4500
999 _c5666
_d5666
001 5666
003 BD-JhCC
005 20171219173453.0
008 171217s2010 bg a|||| ||a| 000 0 ben d
020 _a9840748157
035 _a(BD-JhCC)5666
040 _aBD-JhCC
_dBD-JhCC
041 _aben
082 _a920
_bRAH 2010
100 _aরহমান, পাপড়ি
245 _aভাষাশহীদ আবুল বরকত /
_cপাপড়ি রহমান
260 _aঢাকা :
_bবাংলা একাডেমী,
_c2010.
300 _a72 p. :
_c22 cm.
650 _aBiography
942 _2ddc
_cBK